000 00535nam a2200169 i 4500
001 84215
003 ES-MaACL
005 20230906174954.0
007 t|
008 041122s1970 sp ||||1| spa d
100 1 _aJeanin, Pierre.
_966242
245 1 3 _aEl noroeste y norte de Europa en los siglos XVII y XVIII /
_cPierre Jeanin ; [traducción por José Manuel Cuenca].
260 _aBarcelona :
_bLabor,
_c1970.
300 _aXVI, 429 p. ;
_c20 cm.
700 1 _aCuenca, José Manuel.
_941997
852 _aES-MaACL
_jC-39283
_bR.76249
999 _c84215
_d84215